| 000 | 00505nam a22001817a 4500 | ||
|---|---|---|---|
| 005 | 20140922113304.0 | ||
| 010 | _aENG-110843 | ||
| 020 |
_a9788184301717 _c175.00 |
||
| 035 | _aEN-94375 | ||
| 037 | _bDBAD/PUB | ||
| 082 | _a362.41092 | ||
| 100 | _aKeller, Helen | ||
| 245 |
_aThe story of my life / _cby Helen Keller |
||
| 260 |
_aNew Delhi _bOcean books _c2013 |
||
| 270 |
_a4/19 Asaf Ali road _bNew Delhi _e110002 |
||
| 300 |
_a128p. _c22cm(Hb) |
||
| 942 |
_2ddc _cEN _mKEL _h362.41092 |
||
| 999 |
_c88585 _d88585 |
||